000 00929nam a2200265Ia 4500
003 OSt
005 20221005113526.0
006 a|||||r|||| 00| 0
007 ta
008 221004b |||||||| |||| 00| 0 pan d
020 _a9789351120643 (hbk)
_cINR 200.00
024 _a39094
037 _b1029, 12/03/2018, H.K. Prakashan
_cTextual
040 _aCRL
_cCRL
_bpan
041 _2pan
_apan
082 _aO153,3NHUx, Q5
100 _aਹੁਸੈਲ, ॥ਾਲਿਦ, ਂਚ.
245 0 _aਸੂਲਾਂ ਦਾ ਸਾਲਣੂ
260 _aਲੁਧਿਆਨਾ
_bਚੇਤਨਾ ਪ੍ਰਕਾFਨ ਭਾਰਤ
_c2015
300 _a149ਪ0
_ccm.
650 _a ਪੰਜਾਬੀ ਕਹਾਣੀ
650 _aਪੰਜਾਬੀ ਸਾਹਿਤ
942 _hO153,3NHUx, Q5
_cTEXL
_2cc
999 _c1028470
_d1028470